| 000 -LEADER |
| fixed length control field |
00399nam a2200169Ia 4500 |
| 001 - CONTROL NUMBER |
| control field |
22455 |
| 003 - CONTROL NUMBER IDENTIFIER |
| control field |
GE_BSU |
| 008 - FIXED-LENGTH DATA ELEMENTS--GENERAL INFORMATION |
| fixed length control field |
181216s||||||||xx |||||||||||||| ||und|| |
| 040 ## - CATALOGING SOURCE |
| Transcribing agency |
GE_BSU |
| 245 #4 - TITLE STATEMENT |
| Title |
The review of politics. Vol. 80 #1 |
| 245 ## - TITLE STATEMENT |
| Statement of responsibility, etc. |
Editor Ruth Abbey |
| 260 ## - PUBLICATION, DISTRIBUTION, ETC. |
| Place of publication, distribution, etc. |
Cambridge |
| 260 ## - PUBLICATION, DISTRIBUTION, ETC. |
| Date of publication, distribution, etc. |
2018 |
| 300 ## - PHYSICAL DESCRIPTION |
| Extent |
195p. 23 cm. |
| 653 ## - INDEX TERM--UNCONTROLLED |
| Uncontrolled term |
The review of politics. Vol. 80 #1 |
| 942 ## - ADDED ENTRY ELEMENTS (KOHA) |
| Koha item type |
პერიოდიკა |